Période de la Renaissance - Statistiques

Statistiques générales
  • Ce quiz a été pris 53 fois
  • Le résultat moyen est 3 sur 8
Statistiques - réponses
Questions Réponses % Correct
Quelle invention a permis la diffusion des partitions ? l'imprimerie
80%
Quand commence la période de la renaissance ? 1500
57%
Quelle période vient après la période de la renaissance ? Baroque
50%
Quand termine la période de la renaissance ? 1600
48%
Apparition des premiers ... (commençant par un "O") opéra
27%
Quelle période précède la période de la renaissance ? Médiévale
25%
Caractéristique, qui désigne "plusieurs voix / sons" polyphonie
25%
"mouvement" accompagnant la musique profane à cette période danse
7%
Aucun quiz correspondant
Distribution des résultats
% des personnes avec chaque résultat
Percentile par nombre de réponses
Votre historique - résultats
Vous n’avez pas pris ce quiz